000 00736nam a2200217Ia 4500
005 20241129104333.0
008 241129s9999||||xx |||||||||||||| ||und||
020 _a9789351710134
037 _aTextual
040 _aRTL
_beng
_cRTL
041 _aeng
_2eng
084 _aY72:(G:55).2 R1
_qRTL
100 _aPratap Ajay; Paranjape Binda; Ghan Shyam
_9725844
245 0 _aTribal and environmental history of India: New perspectives
_cPratap Ajay; Paranjape Binda; Ghan Shyam
260 _aNew Delhi
_bResearch India Press
_c2021
300 _axvii,360p.
365 _aINR
_b1850
650 _aInterconnections of Tribes and Environment in India
_9725845
942 _cTB
_hY72:(G:55).2 R1
999 _c1225454
_d1225454